<?xml version='1.0' encoding='UTF-8'?>
  <record xmlns="http://www.loc.gov/MARC21/slim">
    <leader>00000cam a2200000 i 4500</leader>
    <controlfield tag="001">ocm68066429</controlfield>
    <controlfield tag="003">OCoLC</controlfield>
    <controlfield tag="005">20251003153958.4</controlfield>
    <controlfield tag="008">980928s1584    gw            000 0 lat d</controlfield>
    <datafield tag="040" ind1=" " ind2=" ">
      <subfield code="a">NLGGC</subfield>
      <subfield code="b">eng</subfield>
      <subfield code="e">rda</subfield>
      <subfield code="e">dcrmr</subfield>
      <subfield code="c">NLGGC</subfield>
      <subfield code="d">OCLCO</subfield>
      <subfield code="d">OCLCL</subfield>
      <subfield code="d">QGJ</subfield>
      <subfield code="d">OCLCQ</subfield>
    </datafield>
    <datafield tag="029" ind1="0" ind2=" ">
      <subfield code="a">NLGGC</subfield>
      <subfield code="b">173608493</subfield>
    </datafield>
    <datafield tag="035" ind1=" " ind2=" ">
      <subfield code="a">(OCoLC)68066429</subfield>
    </datafield>
    <datafield tag="100" ind1="1" ind2=" ">
      <subfield code="a">Strigel, Victorinus,</subfield>
      <subfield code="d">1524-1569.</subfield>
      <subfield code="1">https://id.oclc.org/worldcat/entity/E39PBJfMj8jyGfTm8YQ74HMdcP</subfield>
    </datafield>
    <datafield tag="240" ind1="1" ind2="0">
      <subfield code="a">Correspondence.</subfield>
      <subfield code="k">Selections.</subfield>
      <subfield code="f">1584</subfield>
    </datafield>
    <datafield tag="245" ind1="1" ind2="0">
      <subfield code="a">Victorini Strigelij, Viri Clarissimi Epistolae aliquot piae simul et eruditae de negocio eucharistico scriptae ad amicos, nunc editae vt pii viri memoria contra adversariorum calumnias vindicetur.</subfield>
      <subfield code="b">Item D. Augustini perpetua sententia &amp; confessio de Sacramentis in genere, &amp; in coena Domini, /</subfield>
      <subfield code="c">collecta ab eodem D.Victorino in gratiam Illustrissimi cuiusdam Principis. Adiunctae sunt D. Iohannis Iacobi Grynaei, Theologiae Doctoris Theses de vtriusq[ue] Testamenti Sacramentis, in Academia Basileënsi, 4 Iulij, anno 1583 disputatae.</subfield>
    </datafield>
    <datafield tag="246" ind1="3" ind2=" ">
      <subfield code="a">Epistolae aliquot piae simul et eruditae de negocio eucharistico scriptae ad amicos</subfield>
    </datafield>
    <datafield tag="264" ind1=" " ind2="1">
      <subfield code="a">Neustadii Palatinorum, :</subfield>
      <subfield code="b">Typis Matthaei Harnisch,</subfield>
      <subfield code="c">Anno M. D. Lxxxiv. [1584]</subfield>
    </datafield>
    <datafield tag="300" ind1=" " ind2=" ">
      <subfield code="a">64 pages ;</subfield>
      <subfield code="c">20 cm (4to)</subfield>
    </datafield>
    <datafield tag="336" ind1=" " ind2=" ">
      <subfield code="a">text</subfield>
      <subfield code="b">txt</subfield>
      <subfield code="2">rdacontent</subfield>
    </datafield>
    <datafield tag="337" ind1=" " ind2=" ">
      <subfield code="a">unmediated</subfield>
      <subfield code="b">n</subfield>
      <subfield code="2">rdamedia</subfield>
    </datafield>
    <datafield tag="338" ind1=" " ind2=" ">
      <subfield code="a">volume</subfield>
      <subfield code="b">nc</subfield>
      <subfield code="2">rdacarrier</subfield>
    </datafield>
    <datafield tag="340" ind1=" " ind2=" ">
      <subfield code="m">4to</subfield>
      <subfield code="2">rdabf</subfield>
    </datafield>
    <datafield tag="500" ind1=" " ind2=" ">
      <subfield code="a">Printer's device on title page, with slogan: Ditat servata fides.</subfield>
    </datafield>
    <datafield tag="500" ind1=" " ind2=" ">
      <subfield code="a">List of errata on page 2.</subfield>
    </datafield>
    <datafield tag="500" ind1=" " ind2=" ">
      <subfield code="a">Includes also: D. Augustini Perpetua sententia et confessio de sacramentis in genere &amp; de coena Domini ; [and] Problematis rectene Augustinus censuerit; Patrum &amp; nostra Sacramenta diuersa quidem fuisse, Rem autem eandem, necne? diiudicatio Theologica, tradita à D. Iohan. Iacobo Grynaeo de qua in publica disputatione die 4 Iulii respondebit Iacobus Harminius Hollandus.</subfield>
    </datafield>
    <datafield tag="500" ind1=" " ind2=" ">
      <subfield code="a">Jacobus Harminius Hollandus is probably Jacobus Arminius, 1560-1609.</subfield>
    </datafield>
    <datafield tag="500" ind1=" " ind2=" ">
      <subfield code="a">Initials.</subfield>
    </datafield>
    <datafield tag="500" ind1=" " ind2=" ">
      <subfield code="a">Signatures: A-H⁴; E3v is blank.</subfield>
    </datafield>
    <datafield tag="510" ind1="4" ind2=" ">
      <subfield code="a">Verzeichnis der im deutschen Sprachbereich erschienenen Drucke des 16. Jahrhunderts (VD 16),</subfield>
      <subfield code="c">S 9597</subfield>
      <subfield code="u">https://gateway-bayern.de/VD16+S+9597</subfield>
    </datafield>
    <datafield tag="510" ind1="4" ind2=" ">
      <subfield code="3">Grynaeus, Johannes Jakob. Theses de utriusque testamenti sacramentis:</subfield>
      <subfield code="a">Verzeichnis der im deutschen Sprachbereich erschienenen Drucke des 16. Jahrhunderts (VD 16),</subfield>
      <subfield code="c">G 3816</subfield>
      <subfield code="u">https://gateway-bayern.de/VD16+G+3816</subfield>
    </datafield>
    <datafield tag="510" ind1="4" ind2=" ">
      <subfield code="a">Adams, H.M. Catalogue of books printed on the continent of Europe, 1501-1600, in Cambridge libraries,</subfield>
      <subfield code="c">S 1937</subfield>
    </datafield>
    <datafield tag="650" ind1=" " ind2="0">
      <subfield code="a">Sacraments</subfield>
      <subfield code="x">Lutheran Church</subfield>
      <subfield code="v">Early works to 1800.</subfield>
    </datafield>
    <datafield tag="650" ind1=" " ind2="0">
      <subfield code="a">Lord's Supper</subfield>
      <subfield code="x">Lutheran Church</subfield>
      <subfield code="v">Early works to 1800.</subfield>
    </datafield>
    <datafield tag="650" ind1=" " ind2="6">
      <subfield code="a">Sacrements</subfield>
      <subfield code="x">Église luthérienne</subfield>
      <subfield code="v">Ouvrages avant 1800.</subfield>
    </datafield>
    <datafield tag="650" ind1=" " ind2="7">
      <subfield code="a">Sacraments</subfield>
      <subfield code="x">Lutheran Church</subfield>
      <subfield code="2">fast</subfield>
    </datafield>
    <datafield tag="650" ind1=" " ind2="7">
      <subfield code="a">Lord's Supper</subfield>
      <subfield code="x">Lutheran Church</subfield>
      <subfield code="2">fast</subfield>
    </datafield>
    <datafield tag="655" ind1=" " ind2="7">
      <subfield code="a">Early works</subfield>
      <subfield code="2">fast</subfield>
    </datafield>
    <datafield tag="700" ind1="0" ind2=" ">
      <subfield code="a">Augustine,</subfield>
      <subfield code="c">of Hippo, Saint,</subfield>
      <subfield code="d">354-430.</subfield>
      <subfield code="1">https://id.oclc.org/worldcat/entity/E39PBJmDhMY9wQ8PqWFFxJfDv3</subfield>
    </datafield>
    <datafield tag="700" ind1="1" ind2="2">
      <subfield code="i">Container of (work):</subfield>
      <subfield code="a">Grynaeus, Johann Jacob,</subfield>
      <subfield code="d">1540-1617.</subfield>
      <subfield code="t">Theses de utriusque testamenti sacramentis.</subfield>
    </datafield>
    <datafield tag="700" ind1="1" ind2=" ">
      <subfield code="a">Arminius, Jacobus,</subfield>
      <subfield code="d">1560-1609,</subfield>
      <subfield code="e">respondent.</subfield>
      <subfield code="4">rsp</subfield>
      <subfield code="1">https://id.oclc.org/worldcat/entity/E39PBJfGT6hcMBdppF9rgYgxjC</subfield>
    </datafield>
    <datafield tag="700" ind1="1" ind2=" ">
      <subfield code="a">Philalethes, Eusebius,</subfield>
      <subfield code="e">dedicator.</subfield>
      <subfield code="4">dte</subfield>
    </datafield>
    <datafield tag="700" ind1="1" ind2=" ">
      <subfield code="a">Elpuranius, Timotheus,</subfield>
      <subfield code="e">dedicatee.</subfield>
      <subfield code="4">dte</subfield>
    </datafield>
    <datafield tag="700" ind1="1" ind2=" ">
      <subfield code="a">Malsburg, Hermannus von der,</subfield>
      <subfield code="e">dedicatee.</subfield>
      <subfield code="4">dte</subfield>
    </datafield>
    <datafield tag="700" ind1="1" ind2=" ">
      <subfield code="a">Harnisch, Matthias,</subfield>
      <subfield code="d">approximately 1535-1596,</subfield>
      <subfield code="e">printer.</subfield>
      <subfield code="4">prt</subfield>
      <subfield code="1">https://id.oclc.org/worldcat/entity/E39PBJjhywBCRHtvrD9VJHwXBP</subfield>
    </datafield>
    <datafield tag="740" ind1="0" ind2=" ">
      <subfield code="a">D. Augustini Perpetua sententia et confessio de sacramentis in genere &amp; de coena Domini.</subfield>
    </datafield>
    <datafield tag="740" ind1="0" ind2=" ">
      <subfield code="a">De utriusque testamenti sacramentis theses</subfield>
    </datafield>
    <datafield tag="740" ind1="0" ind2=" ">
      <subfield code="a">Theses de utriusque testamenti sacramentis</subfield>
    </datafield>
    <datafield tag="752" ind1=" " ind2=" ">
      <subfield code="a">Germany</subfield>
      <subfield code="d">Neustadt an der Weinstrasse,</subfield>
      <subfield code="e">publication place.</subfield>
      <subfield code="4">pup</subfield>
    </datafield>
    <datafield tag="758" ind1=" " ind2=" ">
      <subfield code="a">Victorini Strigelii ... Epistolae aliquot piae simul et eruditae de negocio eucharistico scriptae ad amicos (Text)</subfield>
      <subfield code="1">https://id.oclc.org/worldcat/entity/E39PCH34qmMwxhKmYQ9DBXm3Yq</subfield>
      <subfield code="4">https://id.oclc.org/worldcat/ontology/hasWork</subfield>
    </datafield>
    <datafield tag="936" ind1=" " ind2=" ">
      <subfield code="a">BATCHLOAD</subfield>
    </datafield>
  </record>